La femme fatale; (Record no. 15652)

MARC details
000 -LEADER
fixed length control field 00617cam a22002171 4500
001 - CONTROL NUMBER
control field ca 22000735
003 - CONTROL NUMBER IDENTIFIER
control field DLC
005 - DATE AND TIME OF LATEST TRANSACTION
control field 20260227111110.0
008 - FIXED-LENGTH DATA ELEMENTS--GENERAL INFORMATION
fixed length control field 960604s1922 fr a 000 0 fre
010 ## - LIBRARY OF CONGRESS CONTROL NUMBER
LC control number ca 22000735
035 ## - SYSTEM CONTROL NUMBER
System control number (OCoLC)34870897
040 ## - CATALOGING SOURCE
Original cataloging agency DLC
Transcribing agency MoU
Modifying agency DLC
042 ## - AUTHENTICATION CODE
Authentication code premarc
050 00 - LIBRARY OF CONGRESS CALL NUMBER
Classification number PQ2603.I65
Item number F4 1922
100 1# - MAIN ENTRY--PERSONAL NAME
Personal name Birabeau, André.
245 13 - TITLE STATEMENT
Title La femme fatale;
Remainder of title comédie en trois actes,
Statement of responsibility, etc. par André Birabeau ...
260 ## - PUBLICATION, DISTRIBUTION, ETC.
Place of publication, distribution, etc. Paris,
Name of publisher, distributor, etc. Stock,
Date of publication, distribution, etc. 1922.
300 ## - PHYSICAL DESCRIPTION
Extent 40 p.
Other physical details illus.
Dimensions 24 x 19 cm.
490 0# - SERIES STATEMENT
Series statement Collection nouvelle de la France dramatique
500 ## - GENERAL NOTE
General note Cover title.

No items available.

Powered by Koha